000 00685nam a2200241Ia 4500
005 20250425162103.0
008 250425s9999 xx 000 0 und d
020 _a9275315892
041 _aspa
082 _a614
100 _aRODRIGUEZ, JORGE ED
245 0 _aLA SALUD PUBLICA EN LAS AMERICAS: NUEVOS CONCEPTOS, ANALISIS DEL DESEMPEÑO Y BASES PARA LA ACCION
250 _aS.E.
260 _aEstados Unidos
_bORGANIZACION PANAMERICANA DE LA SALUD
_c2002
260 _aWASHINGTON
300 _a400
650 _aEVALUACION
650 _aSALUD PUBLICA
650 _aTECNICAS DE SALUD
710 _aORGANIZACION PANAMERICA DE LA SALUD
942 _c01
010 _a48905
999 _c222079
_d222079